000 00904nam a2200253Ia 4500
003 OSt
005 20221005105622.0
006 a|||||r|||| 00| 0
007 ta
008 221004b |||||||| |||| 00| 0 hin d
020 _a9788189632038 (hbk)
_c395
024 _a89840
037 _b9512, 15/03/2007, Hindi Book Centre
_cTextual
040 _aCRL
_cCRL
_bhin
041 _2hin
_ahin
082 _aV44Q7y7N43, 152P6
100 _aमुशर्रफ, परवेज़
245 0 _aअग्निपथ
_bमेरी आत्मकथा
246 _aAgnipatha:merī ātmakathā
260 _aनई दिल्ली
_bरेव मीडिया
_c2007
650 _aविश्व-इतिहास
942 _hV44Q7y7N43, 152P6
_cTEXL
_2cc
999 _c1016364
_d1016364